| 000 | 00371nam a2200133 i 4500 | ||
|---|---|---|---|
| 001 | bg | ||
| 100 | 1 | _aSTEFANIUK, Krzysztof | |
| 245 | 0 |
_aTreść i charakter prawny współczesnego prawa do lokalu typu własnościowego / _cKrzysztof Stefaniuk. |
|
| 260 |
_aWarszawa, _c1978. |
||
| 040 | _cBPK | ||
| 041 | _apol | ||
| 942 | _cKS | ||
| 008 | s pl f |000 0 pol | ||
| 999 |
_c9819 _d9819 |
||
| 856 |
_uhttp://koha.tu.koszalin.pl/cgi-bin/koha/opac-detail.pl?biblionumber=9819 _yKatalog online BPK |
||